Über Dialoge, protologische Kategorien und andere Seltenheiten /

Guardado en:
Autor Principal: Rahman, Shahid, 1956-
Formato: Libro
Idioma:German
Publicado: Frankfurt am Main : Peter Lang, c1993.
Series:Europäische Hochschulschriften. Philosophie ; Bd. 408.
Materias:
Etiquetas: Agregar Etiqueta
Sin Etiquetas, Sea el primero en etiquetar este registro!
LEADER 01024nam a2200229 a 4500
001 MAT.inmabb003940
008 940709s1993####gw#a#####b####000#0#ger#d
005 20160527113143.0
245 1 0 |a Über Dialoge, protologische Kategorien und andere Seltenheiten /  |c Shahid Rahman. 
260 |a Frankfurt am Main :  |b Peter Lang,  |c c1993. 
300 |a xi, 318 p. :  |b il. ;  |c 19 cm. 
490 1 |a Europäische Hochschulschriften. Reihe XX, Philosophie,  |x 0721-3417 ;  |v Bd. 408 =  |a Publications universitaires européenes. Série XX, Philosophie ;  |v vol. 408 =  |a European university Studies. Series XX, Philosophy ;  |v vol. 408 
504 |a Incluye referencias bibliográficas (p. [303]-318). 
020 |a 3631465831 
100 1 |a Rahman, Shahid,  |d 1956- 
830 0 |a Europäische Hochschulschriften.  |n Reihe XX,  |p Philosophie ;  |v Bd. 408. 
246 1 8 |a Über Dialoge und protologische Kategorien 
650 0 |a Logic. 
084 |a 03A05 (03G30)  |2 msc2000 
010 |a  94193879  
040 |a TxU  |c TxU  |d DLC 
859 |h 03  |i R147  |p A-6654  |b BIB. MATEMATICA